| 000 | 00686nam a22002177a 4500 | ||
|---|---|---|---|
| 005 | 20220711164453.0 | ||
| 008 | 220711b ||||| |||| 00| 0 eng d | ||
| 020 | _a0710086903 | ||
| 040 | _cAL | ||
| 041 | _aEnglish | ||
| 082 |
_223 _a331.890941 _bJENC |
||
| 100 |
_aClive Jenkins and others _948119 |
||
| 245 | _aCollective Bargaining:What you always wanted to know about trade unions and never dared to ask | ||
| 260 |
_aLondon _bRoutledge and Kegan Paul _c1977 |
||
| 300 |
_a156 p. _bPB _c21.5x14 cm. |
||
| 650 |
_aCollective Bargaining _948120 |
||
| 650 |
_aGreat Britain _948121 |
||
| 700 |
_aJENKINS (Clive) _948122 |
||
| 700 |
_aSHERMAN (Barrie) _948123 |
||
| 942 |
_2ddc _cGF |
||
| 999 |
_c223692 _d223692 |
||